Enfoirés : interprètes originaux des principales reprises - Statistiques

Statistiques générales
  • Ce quiz a été pris 147 fois
    90 depuis la dernière actualisation
  • Le résultat moyen est 14 sur 31
Statistiques - réponses
Nombre reprises totales Interprètes originaux % Correct
18 Jean-Jacques Goldman
94%
50 Johnny Hallyday
84%
13 Patrick Bruel
74%
17 Michel Sardou
65%
18 France Gall
62%
10 Jacques Brel
60%
9 Zazie
60%
21 Daniel Balavoine
59%
13 Marc Lavoine
57%
18 Francis Cabrel
53%
8 Florent Pagny
51%
7 Garou
49%
10 Eddy Mitchell
46%
20 Julien Clerc
44%
15 Renaud
44%
15 Claude François
43%
18 Alain Souchon
40%
9 Charles Aznavour
40%
12 Laurent Voulzy
40%
16 Michel Polnareff
37%
7 Jacques Dutronc
35%
7 Téléphone
34%
8 Michel Delpech
29%
8 Mylène Farmer
29%
8 Serge Gainsbourg
29%
7 Françoise Hardy
26%
8 Sylvie Vartan
26%
7 Dalida
25%
9 Jean-Louis Aubert
21%
11 Joe Dassin
19%
8 Patricia Kaas
15%
Aucun quiz correspondant
Distribution des résultats
% des personnes avec chaque résultat
Percentile par nombre de réponses
Votre historique - résultats
Vous n’avez pas pris ce quiz depuis la dernière actualisation